[Event "World Chess Olympiad 2018"]
[Site "Batumi"]
[Date "2018.09.30"]
[Round "6"]
[Board "2"]
[WhiteFideId "11300280"]
[White "Khetho Phemelo"]
[BlackFideId "9000283"]
[Black "Onkoud Abdelaziz"]
[Result "1-0"]
[LiveChessVersion "1.4.8"]
[BlackElo "2315"]
[WhiteElo "2158"]

1. e4 {[%clk 1:30:43]} b6 {[%clk 1:30:50]} 2. c4 {[%clk 1:29:12]} Bb7
{[%clk 1:31:05]} 3. Nc3 {[%clk 1:27:14]} e6 {[%clk 1:31:23]} 4. g3
{[%clk 1:26:16]} Bb4 {[%clk 1:30:03]} 5. Bg2 {[%clk 1:25:07]} f5 {[%clk 1:29:17]}
6. Nge2 {[%clk 1:21:29]} Nf6 {[%clk 1:29:41]} 7. d3 {[%clk 1:16:49]} O-O
{[%clk 1:20:58]} 8. O-O {[%clk 1:14:13]} Rf7 {[%clk 1:10:58]} 9. exf5
{[%clk 1:13:23]} Bxg2 {[%clk 1:11:21]} 10. fxe6 {[%clk 1:13:43]} dxe6
{[%clk 1:11:02]} 11. Kxg2 {[%clk 1:14:02]} Rd7 {[%clk 1:10:38]} 12. d4
{[%clk 1:12:19]} c5 {[%clk 1:08:04]} 13. Qa4 {[%clk 1:10:54]} Qc7
{[%clk 1:07:40]} 14. a3 {[%clk 1:03:22]} Bxc3 {[%clk 1:06:15]} 15. bxc3
{[%clk 1:03:37]} Nc6 {[%clk 1:04:35]} 16. Be3 {[%clk 1:03:11]} Ng4
{[%clk 1:02:33]} 17. h3 {[%clk 0:52:42]} Nxe3+ {[%clk 1:01:48]} 18. fxe3
{[%clk 0:53:11]} Ne7 {[%clk 1:01:58]} 19. e4 {[%clk 0:44:33]} Ng6
{[%clk 0:58:54]} 20. Rad1 {[%clk 0:35:11]} Rad8 {[%clk 0:57:51]} 21. Ng1
{[%clk 0:28:11]} cxd4 {[%clk 0:50:32]} 22. cxd4 {[%clk 0:28:20]} h5
{[%clk 0:43:23]} 23. Nf3 {[%clk 0:23:22]} h4 {[%clk 0:43:08]} 24. Nxh4
{[%clk 0:23:21]} Nxh4+ {[%clk 0:43:11]} 25. gxh4 {[%clk 0:23:49]} Rxd4
{[%clk 0:39:49]} 26. Rxd4 {[%clk 0:24:01]} Rxd4 {[%clk 0:40:09]} 27. Qe8+
{[%clk 0:24:19]} Kh7 {[%clk 0:40:32]} 28. Rf8 {[%clk 0:24:36]} Rd2+
{[%clk 0:38:49]} 29. Kf3 {[%clk 0:24:51]} Rf2+ {[%clk 0:37:13]} 30. Kxf2
{[%clk 0:25:20]} Qh2+ {[%clk 0:37:34]} 31. Ke3 {[%clk 0:22:33]} Qg3+
{[%clk 0:37:31]} 32. Kd2 {[%clk 0:20:31]} Qh2+ {[%clk 0:34:32]} 33. Kc1
{[%clk 0:20:27]} Qg1+ {[%clk 0:33:28]} 34. Kc2 {[%clk 0:20:44]} Qg2+
{[%clk 0:29:42]} 35. Kb3 {[%clk 0:21:02]} 1-0

[Event "World Chess Olympiad 2018"]
[Site "Batumi"]
[Date "2018.09.30"]
[Round "6"]
[Board "3"]
[WhiteFideId "9000720"]
[White "Aithmidou Mohamed-Mehdi"]
[BlackFideId "11300310"]
[Black "Gaealafshwe Barileng"]
[Result "1-0"]
[LiveChessVersion "1.4.8"]
[BlackElo "2144"]
[WhiteElo "2244"]

1. e4 {[%clk 1:30:48]} c6 {[%clk 1:30:52]} 2. d4 {[%clk 1:31:09]} d5
{[%clk 1:31:07]} 3. Nd2 {[%clk 1:28:57]} dxe4 {[%clk 1:30:29]} 4. Nxe4
{[%clk 1:29:12]} Bf5 {[%clk 1:30:19]} 5. Ng3 {[%clk 1:29:14]} Bg6
{[%clk 1:30:40]} 6. h4 {[%clk 1:29:35]} h6 {[%clk 1:30:40]} 7. Nf3
{[%clk 1:29:55]} Nd7 {[%clk 1:31:05]} 8. h5 {[%clk 1:30:14]} Bh7 {[%clk 1:31:08]}
9. Bd3 {[%clk 1:30:27]} Bxd3 {[%clk 1:30:46]} 10. Qxd3 {[%clk 1:30:54]} Qc7
{[%clk 1:29:33]} 11. Bd2 {[%clk 1:28:35]} e6 {[%clk 1:28:20]} 12. Ne4
{[%clk 1:27:04]} Ngf6 {[%clk 1:26:36]} 13. O-O-O {[%clk 1:25:22]} Nxe4
{[%clk 1:25:00]} 14. Qxe4 {[%clk 1:25:49]} Nf6 {[%clk 1:24:42]} 15. Qe2
{[%clk 1:26:00]} O-O-O {[%clk 1:21:13]} 16. g3 {[%clk 1:21:41]} Kb8
{[%clk 1:16:00]} 17. c4 {[%clk 1:13:27]} Ka8 {[%clk 1:14:44]} 18. Bc3
{[%clk 1:09:05]} b5 {[%clk 1:05:53]} 19. b3 {[%clk 0:56:17]} Qb7 {[%clk 1:03:25]}
20. Ne5 {[%clk 0:52:00]} bxc4 {[%clk 0:55:57]} 21. Nxc4 {[%clk 0:42:40]} Nd5
{[%clk 0:55:11]} 22. Bb2 {[%clk 0:42:21]} Rc8 {[%clk 0:52:05]} 23. Kb1
{[%clk 0:41:06]} c5 {[%clk 0:40:25]} 24. Rc1 {[%clk 0:39:15]} Nf6
{[%clk 0:17:59]} 25. Rhe1 {[%clk 0:30:56]} Be7 {[%clk 0:14:18]} 26. Na5
{[%clk 0:24:20]} Qc7 {[%clk 0:10:14]} 27. Qf3+ {[%clk 0:22:12]} Nd5
{[%clk 0:09:57]} 28. b4 {[%clk 0:14:53]} c4 {[%clk 0:05:57]} 29. Rxc4
{[%clk 0:14:28]} Qb6 {[%clk 0:03:56]} 30. a3 {[%clk 0:12:10]} Rxc4
{[%clk 0:02:57]} 31. Nxc4 {[%clk 0:12:37]} Qc6 {[%clk 0:03:11]} 32. Ne5
{[%clk 0:12:18]} Qb5 {[%clk 0:01:05]} 33. Qxf7 {[%clk 0:11:08]} Rf8
{[%clk 0:00:46]} 34. Qxe6 {[%clk 0:11:29]} Rxf2 {[%clk 0:00:40]} 35. Qc8+
{[%clk 0:11:52]} Qb8 {[%clk 0:00:45]} 36. Qxb8+ {[%clk 0:12:20]} Kxb8
{[%clk 0:01:00]} 37. Nc6+ {[%clk 0:12:49]} 1-0

[Event "World Chess Olympiad 2018"]
[Site "Batumi"]
[Date "2018.09.30"]
[Round "6"]
[Board "4"]
[WhiteFideId "11300353"]
[White "Gumpo Thabo"]
[BlackFideId "9000623"]
[Black "Hifad Rachid"]
[Result "1/2-1/2"]
[LiveChessVersion "1.4.8"]
[BlackElo "2174"]
[WhiteElo "2059"]

1. e4 {[%clk 1:30:55]} c5 {[%clk 1:30:05]} 2. b3 {[%clk 1:31:14]} Nf6
{[%clk 1:28:22]} 3. e5 {[%clk 1:30:16]} Nd5 {[%clk 1:28:49]} 4. Bb2
{[%clk 1:30:05]} Nc6 {[%clk 1:29:11]} 5. Nf3 {[%clk 1:30:04]} e6 {[%clk 1:24:10]}
6. Nc3 {[%clk 1:28:45]} Nxc3 {[%clk 1:23:56]} 7. Bxc3 {[%clk 1:29:05]} d5
{[%clk 1:22:42]} 8. exd6 {[%clk 1:25:35]} Qxd6 {[%clk 1:20:25]} 9. Bc4
{[%clk 1:24:43]} Bd7 {[%clk 1:14:59]} 10. O-O {[%clk 1:21:04]} O-O-O
{[%clk 1:04:41]} 11. d4 {[%clk 1:13:40]} f6 {[%clk 0:59:41]} 12. d5
{[%clk 1:03:34]} exd5 {[%clk 1:00:09]} 13. Qxd5 {[%clk 1:03:04]} Qf4
{[%clk 0:54:29]} 14. Qf7 {[%clk 0:51:45]} Be8 {[%clk 0:46:02]} 15. Qe6+
{[%clk 0:51:20]} Bd7 {[%clk 0:46:13]} 16. Qf7 {[%clk 0:51:27]} Be8
{[%clk 0:36:12]} 17. Qe6+ {[%clk 0:51:24]} Kc7 {[%clk 0:36:41]} 18. Rad1
{[%clk 0:48:06]} Nd4 {[%clk 0:36:13]} 19. Bxd4 {[%clk 0:31:19]} cxd4
{[%clk 0:36:28]} 20. Rxd4 {[%clk 0:24:44]} Rxd4 {[%clk 0:36:37]} 21. Nxd4
{[%clk 0:25:11]} Bd6 {[%clk 0:36:47]} 22. Nf3 {[%clk 0:24:50]} Bc6
{[%clk 0:37:11]} 23. Qf7+ {[%clk 0:20:52]} Kb6 {[%clk 0:37:34]} 24. Bd5
{[%clk 0:20:45]} Rf8 {[%clk 0:37:56]} 25. Qe6 {[%clk 0:19:45]} Re8
{[%clk 0:38:14]} 26. Qf7 {[%clk 0:19:46]} Re7 {[%clk 0:35:51]} 27. Qg8
{[%clk 0:19:50]} Re8 {[%clk 0:21:35]} 28. Qf7 {[%clk 0:20:16]} Re7
{[%clk 0:21:55]} 29. Qg8 Re8 30. Qf7 Re7 1/2-1/2

[Event "World Chess Olympiad 2018"]
[Site "Batumi"]
[Date "2018.09.30"]
[Round "6"]
[Board "1"]
[WhiteFideId "11503017"]
[White "Miqdad Fadi"]
[BlackFideId "14500205"]
[Black "Sulava Nenad"]
[Result "0-1"]
[LiveChessVersion "1.4.8"]
[BlackElo "2437"]
[WhiteElo "1964"]

1. d4 {[%clk 1:30:40]} e6 {[%clk 1:30:44]} 2. Bf4 {[%clk 1:30:07]} Nf6
{[%clk 1:30:12]} 3. e3 {[%clk 1:29:47]} b6 {[%clk 1:30:34]} 4. Nf3
{[%clk 1:29:24]} Bb7 {[%clk 1:30:59]} 5. Bd3 {[%clk 1:29:02]} d6 {[%clk 1:30:30]}
6. Nbd2 {[%clk 1:26:03]} Nbd7 {[%clk 1:30:52]} 7. Qe2 {[%clk 1:22:35]} a6
{[%clk 1:30:19]} 8. O-O {[%clk 1:22:38]} h6 {[%clk 1:30:01]} 9. h3
{[%clk 1:18:33]} g6 {[%clk 1:25:32]} 10. e4 {[%clk 1:11:47]} Bg7 {[%clk 1:25:11]}
11. e5 {[%clk 1:04:56]} Nd5 {[%clk 1:25:08]} 12. Bg3 {[%clk 1:05:06]} dxe5
{[%clk 1:24:19]} 13. Nxe5 {[%clk 1:03:08]} Nxe5 {[%clk 1:24:25]} 14. Bxe5
{[%clk 1:03:27]} Bxe5 {[%clk 1:23:37]} 15. Qxe5 {[%clk 1:01:38]} Qf6
{[%clk 1:23:50]} 16. f4 {[%clk 0:41:26]} Rd8 {[%clk 1:13:52]} 17. Be4
{[%clk 0:38:52]} Ba8 {[%clk 1:06:44]} 18. Rf3 {[%clk 0:31:25]} Ke7
{[%clk 1:04:26]} 19. c4 {[%clk 0:23:54]} Qxe5 {[%clk 1:04:44]} 20. fxe5
{[%clk 0:24:11]} Nb4 {[%clk 1:05:06]} 21. Bxa8 {[%clk 0:22:42]} Rxa8
{[%clk 1:05:16]} 22. Raf1 {[%clk 0:20:08]} Rhf8 {[%clk 1:03:34]} 23. a3
{[%clk 0:09:23]} Nc6 {[%clk 1:03:38]} 24. Nb3 {[%clk 0:09:27]} Rad8
{[%clk 1:02:32]} 25. Rf4 {[%clk 0:08:48]} a5 {[%clk 0:56:24]} 26. a4
{[%clk 0:09:00]} Rd7 {[%clk 0:54:57]} 27. Kf2 {[%clk 0:03:22]} g5
{[%clk 0:50:18]} 28. Re4 {[%clk 0:03:18]} Rfd8 {[%clk 0:50:41]} 29. Ke3
{[%clk 0:03:10]} Nb4 {[%clk 0:51:05]} 30. Kd2 {[%clk 0:01:04]} c5
{[%clk 0:37:01]} 31. Kc3 {[%clk 0:01:06]} h5 {[%clk 0:36:41]} 32. Rf3
{[%clk 0:01:06]} h4 {[%clk 0:36:33]} 33. Rg4 {[%clk 0:00:37]} cxd4+
{[%clk 0:33:09]} 34. Nxd4 {[%clk 0:00:35]} Rc7 {[%clk 0:25:11]} 35. Rxg5
{[%clk 0:00:31]} Na2+ {[%clk 0:23:24]} 36. Kd3 {[%clk 0:00:47]} Nc1+
{[%clk 0:22:52]} 37. Ke3 {[%clk 0:00:42]} Rxc4 {[%clk 0:22:48]} 38. Rf4
{[%clk 0:00:36]} Rc5 {[%clk 0:21:04]} 39. Rxh4 {[%clk 0:00:34]} Na2
{[%clk 0:21:15]} 40. Rf4 {[%clk 0:30:34]} Nb4 {[%clk 0:51:31]} 41. Rf2
{[%clk 0:26:11]} Rcd5 {[%clk 0:42:07]} 42. Nb5 {[%clk 0:10:37]} Rd3+
{[%clk 0:28:57]} 43. Ke4 {[%clk 0:07:28]} Rc8 {[%clk 0:29:21]} 44. Rxf7+
{[%clk 0:00:36]} Kxf7 {[%clk 0:29:44]} 45. Nd6+ {[%clk 0:00:58]} Rxd6
{[%clk 0:30:05]} 46. exd6 {[%clk 0:01:17]} Rd8 {[%clk 0:28:01]} 47. h4
{[%clk 0:00:34]} Rxd6 {[%clk 0:28:21]} 48. h5 {[%clk 0:00:32]} Rd1
{[%clk 0:27:18]} 49. h6 {[%clk 0:00:32]} Rh1 {[%clk 0:24:00]} 50. Rg7+
{[%clk 0:00:33]} Kf6 {[%clk 0:24:29]} 51. Rb7 {[%clk 0:00:59]} Nd5
{[%clk 0:23:05]} 52. h7 {[%clk 0:01:04]} Rh4+ {[%clk 0:23:19]} 53. Kf3
{[%clk 0:01:06]} Kg6 {[%clk 0:23:35]} 54. g3 {[%clk 0:00:32]} Rxh7
{[%clk 0:23:56]} 55. Rxh7 {[%clk 0:00:41]} Kxh7 {[%clk 0:24:21]} 56. Ke4
{[%clk 0:00:55]} Kg6 {[%clk 0:24:05]} 57. Ke5 {[%clk 0:01:13]} Kf7
{[%clk 0:24:13]} 58. g4 {[%clk 0:01:30]} Nb4 {[%clk 0:24:19]} 59. Kd6
{[%clk 0:01:30]} Nd3 {[%clk 0:24:18]} 60. b3 {[%clk 0:01:41]} Nc5
{[%clk 0:24:28]} 61. g5 {[%clk 0:01:49]} Nxb3 {[%clk 0:24:02]} 62. Kc6
{[%clk 0:01:10]} Kg6 {[%clk 0:24:21]} 63. Kd6 {[%clk 0:01:25]} Nc5
{[%clk 0:24:37]} 0-1

[Event "World Chess Olympiad 2018"]
[Site "Batumi"]
[Date "2018.09.30"]
[Round "6"]
[Board "2"]
[WhiteFideId "4646215"]
[White "Berezovsky Igor"]
[BlackFideId "11502398"]
[Black "Wazwaz Amjad"]
[Result "1-0"]
[LiveChessVersion "1.4.8"]
[BlackElo "1986"]
[WhiteElo "2380"]

1. Nf3 {[%clk 1:30:53]} d5 {[%clk 1:30:54]} 2. d4 {[%clk 1:29:55]} Nf6
{[%clk 1:31:14]} 3. c4 {[%clk 1:30:13]} c6 {[%clk 1:31:39]} 4. Qc2
{[%clk 1:28:47]} e6 {[%clk 1:31:21]} 5. g3 {[%clk 1:27:11]} Bd6 {[%clk 1:31:18]}
6. Bg2 {[%clk 1:26:41]} O-O {[%clk 1:31:34]} 7. O-O {[%clk 1:26:30]} Nbd7
{[%clk 1:30:19]} 8. Nbd2 {[%clk 1:21:05]} Re8 {[%clk 1:30:15]} 9. b3
{[%clk 1:14:53]} b6 {[%clk 1:21:53]} 10. e4 {[%clk 1:05:20]} dxe4
{[%clk 1:20:42]} 11. Ng5 {[%clk 1:04:16]} Bb7 {[%clk 1:16:36]} 12. Ndxe4
{[%clk 0:58:35]} Be7 {[%clk 1:16:51]} 13. Rd1 {[%clk 0:53:31]} Nf8
{[%clk 1:16:35]} 14. Bb2 {[%clk 0:47:57]} Rc8 {[%clk 1:15:32]} 15. Qe2
{[%clk 0:46:06]} Qc7 {[%clk 1:15:17]} 16. Rac1 {[%clk 0:45:19]} h6
{[%clk 1:14:57]} 17. Nxf6+ {[%clk 0:40:57]} Bxf6 {[%clk 1:14:32]} 18. Ne4
{[%clk 0:41:24]} Be7 {[%clk 1:14:41]} 19. d5 {[%clk 0:38:17]} exd5
{[%clk 1:13:52]} 20. cxd5 {[%clk 0:37:49]} Rcd8 {[%clk 1:07:22]} 21. Qg4
{[%clk 0:31:05]} Ng6 {[%clk 1:07:33]} 22. dxc6 {[%clk 0:30:55]} Rxd1+
{[%clk 1:07:05]} 23. Qxd1 {[%clk 0:30:40]} Bc8 {[%clk 1:05:46]} 24. Nc3
{[%clk 0:27:04]} Bf8 {[%clk 0:53:49]} 25. Nb5 {[%clk 0:23:31]} Qe7
{[%clk 0:52:27]} 26. c7 {[%clk 0:21:45]} a6 {[%clk 0:50:01]} 27. Na7
{[%clk 0:20:55]} Ne5 {[%clk 0:46:58]} 28. Qd5 {[%clk 0:16:34]} Ng4
{[%clk 0:22:57]} 29. Nxc8 {[%clk 0:13:21]} Rxc8 {[%clk 0:22:10]} 30. Qf5
{[%clk 0:09:12]} Rxc7 {[%clk 0:17:15]} 31. Rxc7 {[%clk 0:08:43]} Qxc7
{[%clk 0:17:22]} 32. Qxg4 {[%clk 0:08:52]} Qc2 {[%clk 0:17:20]} 33. Qd4
{[%clk 0:07:44]} Qb1+ {[%clk 0:16:32]} 34. Bf1 {[%clk 0:08:12]} b5
{[%clk 0:16:42]} 35. a4 {[%clk 0:07:49]} b4 {[%clk 0:16:30]} 36. Kg2
{[%clk 0:07:37]} Qg6 {[%clk 0:16:15]} 37. Bd3 {[%clk 0:07:27]} Qe6
{[%clk 0:16:02]} 38. Qe4 {[%clk 0:07:38]} Qxe4+ {[%clk 0:15:11]} 39. Bxe4
{[%clk 0:08:05]} Bd6 {[%clk 0:15:29]} 40. Bd4 {[%clk 0:38:17]} Bc7
{[%clk 0:45:45]} 41. Bd3 {[%clk 0:38:18]} a5 {[%clk 0:46:01]} 42. Kf3
{[%clk 0:38:46]} f6 {[%clk 0:46:24]} 43. Ke4 {[%clk 0:39:02]} 1-0

[Event "World Chess Olympiad 2018"]
[Site "Batumi"]
[Date "2018.09.30"]
[Round "6"]
[Board "3"]
[WhiteFideId "11501731"]
[White "Allam Mohamed"]
[BlackFideId "623830"]
[Black "Nelis Jean-Francois"]
[Result "1-0"]
[LiveChessVersion "1.4.8"]
[BlackElo "2154"]
[WhiteElo "1948"]

1. e4 {[%clk 1:30:51]} c5 {[%clk 1:30:16]} 2. c3 {[%clk 1:30:39]} e6
{[%clk 1:29:50]} 3. Nf3 {[%clk 1:27:28]} d5 {[%clk 1:29:15]} 4. exd5
{[%clk 1:26:15]} Qxd5 {[%clk 1:27:16]} 5. d4 {[%clk 1:25:15]} Nf6
{[%clk 1:27:39]} 6. Nbd2 {[%clk 1:20:51]} cxd4 {[%clk 1:20:54]} 7. Bc4
{[%clk 1:21:09]} Qd8 {[%clk 1:18:24]} 8. Nxd4 {[%clk 1:20:01]} Be7
{[%clk 1:14:40]} 9. N2f3 {[%clk 1:17:56]} Nc6 {[%clk 1:12:56]} 10. Bf4
{[%clk 1:12:26]} Nxd4 {[%clk 1:12:36]} 11. Nxd4 {[%clk 1:10:49]} a6
{[%clk 1:08:02]} 12. Qf3 {[%clk 1:09:34]} Qa5 {[%clk 1:04:32]} 13. O-O
{[%clk 0:57:04]} Qh5 {[%clk 0:56:01]} 14. Rfe1 {[%clk 0:47:52]} Qxf3
{[%clk 0:55:46]} 15. Nxf3 {[%clk 0:48:05]} b5 {[%clk 0:51:48]} 16. Bb3
{[%clk 0:42:32]} Bb7 {[%clk 0:51:47]} 17. Nd4 {[%clk 0:41:26]} Nd5
{[%clk 0:47:56]} 18. Bg3 {[%clk 0:40:28]} O-O {[%clk 0:42:27]} 19. Nxe6
{[%clk 0:36:54]} fxe6 {[%clk 0:42:19]} 20. Rxe6 {[%clk 0:37:17]} Bf6
{[%clk 0:23:49]} 21. Rb6 {[%clk 0:36:22]} Ra7 {[%clk 0:16:02]} 22. Rxb7
{[%clk 0:34:42]} Rxb7 {[%clk 0:16:26]} 23. Bxd5+ {[%clk 0:35:07]} Rff7
{[%clk 0:16:34]} 24. Re1 {[%clk 0:32:33]} g6 {[%clk 0:16:41]} 25. Bxb7
{[%clk 0:32:23]} Rxb7 {[%clk 0:17:01]} 26. Re6 {[%clk 0:32:31]} Rd7
{[%clk 0:05:39]} 27. Kf1 {[%clk 0:31:51]} Kf7 {[%clk 0:05:53]} 28. Rd6
{[%clk 0:29:18]} Rxd6 {[%clk 0:06:13]} 29. Bxd6 {[%clk 0:29:41]} Ke6
{[%clk 0:06:38]} 30. Bb4 {[%clk 0:29:32]} Kd5 {[%clk 0:06:35]} 31. Ke2
{[%clk 0:29:55]} Bd8 {[%clk 0:05:51]} 32. Kd3 {[%clk 0:29:34]} h5
{[%clk 0:05:41]} 33. b3 {[%clk 0:28:38]} a5 {[%clk 0:05:28]} 34. c4+
{[%clk 0:28:41]} bxc4+ {[%clk 0:05:47]} 35. bxc4+ {[%clk 0:29:06]} Ke5
{[%clk 0:05:44]} 36. Bc5 {[%clk 0:28:49]} a4 {[%clk 0:06:08]} 37. Bd4+
{[%clk 0:28:21]} Kf5 {[%clk 0:06:20]} 38. c5 {[%clk 0:28:35]} Bc7
{[%clk 0:06:34]} 39. h3 {[%clk 0:28:44]} g5 {[%clk 0:06:46]} 40. Kc4
{[%clk 0:58:35]} Ke4 {[%clk 0:36:47]} 41. c6 {[%clk 0:57:33]} g4 {[%clk 0:37:05]}
42. hxg4 {[%clk 0:57:51]} hxg4 {[%clk 0:37:33]} 43. Bc5 {[%clk 0:57:52]} Ke5
{[%clk 0:37:43]} 44. Kb5 {[%clk 0:58:00]} 1-0

[Event "World Chess Olympiad 2018"]
[Site "Batumi"]
[Date "2018.09.30"]
[Round "6"]
[Board "4"]
[WhiteFideId "5400422"]
[White "Lomandong Marc-Antoine"]
[BlackFideId "3400085"]
[Black "Michel Yunis Christian D."]
[Result "0-1"]
[LiveChessVersion "1.4.8"]
[BlackElo "2233"]
[WhiteElo "2035"]

1. d4 {[%clk 1:30:55]} d5 {[%clk 1:30:09]} 2. Nf3 {[%clk 1:31:13]} Nf6
{[%clk 1:29:26]} 3. e3 {[%clk 1:30:06]} Bf5 {[%clk 1:22:07]} 4. c4
{[%clk 1:27:24]} c6 {[%clk 1:20:31]} 5. Nc3 {[%clk 1:26:12]} e6 {[%clk 1:20:32]}
6. Bd3 Bg4 {[%clk 1:04:35]} 7. h3 {[%clk 1:16:32]} Bh5 8. cxd5 {[%clk 1:10:05]}
exd5 {[%clk 1:03:20]} 9. g4 {[%clk 1:01:28]} Bg6 {[%clk 1:03:27]} 10. Ne5
{[%clk 1:01:46]} Bxd3 {[%clk 0:58:14]} 11. Qxd3 {[%clk 1:01:54]} Nfd7
{[%clk 0:49:04]} 12. e4 {[%clk 0:37:36]} Nxe5 {[%clk 0:35:39]} 13. dxe5
{[%clk 0:38:00]} d4 {[%clk 0:35:41]} 14. Ne2 {[%clk 0:38:18]} c5 {[%clk 0:18:44]}
15. Nf4 {[%clk 0:18:22]} Qd7 {[%clk 0:18:48]} 16. Nd5 {[%clk 0:17:53]} Nc6
{[%clk 0:17:09]} 17. Bf4 {[%clk 0:16:25]} Rc8 {[%clk 0:17:36]} 18. O-O
{[%clk 0:14:17]} Be7 {[%clk 0:14:14]} 19. Rac1 {[%clk 0:12:46]} O-O
{[%clk 0:14:11]} 20. Bh2 {[%clk 0:09:54]} Rfe8 {[%clk 0:13:00]} 21. f4
{[%clk 0:07:43]} Bf8 {[%clk 0:13:11]} 22. Rfd1 {[%clk 0:03:08]} Red8
{[%clk 0:13:28]} 23. f5 {[%clk 0:03:26]} Re8 {[%clk 0:13:12]} 24. g5
{[%clk 0:01:44]} Nxe5 {[%clk 0:13:20]} 25. Bxe5 {[%clk 0:01:02]} Rxe5
{[%clk 0:13:48]} 26. Re1 {[%clk 0:00:39]} Qd6 {[%clk 0:09:49]} 27. h4
{[%clk 0:00:56]} Rce8 {[%clk 0:08:58]} 28. Nf4 {[%clk 0:00:40]} g6
{[%clk 0:06:35]} 29. fxg6 {[%clk 0:00:35]} hxg6 {[%clk 0:06:45]} 30. Qf3
{[%clk 0:00:45]} Qc6 {[%clk 0:04:56]} 31. Nd5 {[%clk 0:00:49]} Bg7
{[%clk 0:05:17]} 32. Rf1 {[%clk 0:01:08]} Rf8 {[%clk 0:04:11]} 33. Qf4
{[%clk 0:00:50]} Qe6 {[%clk 0:04:11]} 34. Nf6+ {[%clk 0:00:38]} Bxf6
{[%clk 0:03:42]} 35. Qxf6 {[%clk 0:00:38]} Qg4+ {[%clk 0:03:58]} 36. Kf2
{[%clk 0:00:36]} Qxh4+ {[%clk 0:03:44]} 37. Kf3 {[%clk 0:00:33]} Qxe4+
{[%clk 0:03:42]} 38. Kg3 {[%clk 0:00:55]} Qe3+ {[%clk 0:03:57]} 39. Kg4
{[%clk 0:01:19]} Re4+ {[%clk 0:03:24]} 0-1

[Event "World Chess Olympiad 2018"]
[Site "Batumi"]
[Date "2018.09.30"]
[Round "6"]
[Board "1"]
[WhiteFideId "8500037"]
[White "Kigigha Bomo"]
[BlackFideId "11000120"]
[Black "Makoto Rodwell"]
[Result "1-0"]
[LiveChessVersion "1.4.8"]
[BlackElo "2338"]
[WhiteElo "2300"]

1. c4 {[%clk 1:30:54]} Nf6 {[%clk 1:30:15]} 2. g3 {[%clk 1:30:50]} g6
{[%clk 1:30:14]} 3. Nc3 {[%clk 1:31:07]} d5 {[%clk 1:29:59]} 4. cxd5
{[%clk 1:31:33]} Nxd5 {[%clk 1:30:25]} 5. Bg2 {[%clk 1:31:57]} Nb6
{[%clk 1:29:46]} 6. Nf3 {[%clk 1:32:16]} Bg7 {[%clk 1:28:45]} 7. O-O
{[%clk 1:32:35]} Nc6 {[%clk 1:28:48]} 8. a3 {[%clk 1:32:28]} a5 {[%clk 1:28:13]}
9. d3 {[%clk 1:32:48]} O-O {[%clk 1:27:27]} 10. Be3 {[%clk 1:29:36]} e5
{[%clk 1:27:01]} 11. Rc1 {[%clk 1:29:42]} Nd4 {[%clk 1:26:12]} 12. Ne4
{[%clk 1:25:16]} h6 {[%clk 1:21:37]} 13. Nc5 {[%clk 1:18:34]} Nd5
{[%clk 1:07:33]} 14. Bxd4 {[%clk 1:10:52]} exd4 {[%clk 1:07:59]} 15. Qb3
{[%clk 1:10:51]} Nb6 {[%clk 1:05:56]} 16. Nd2 {[%clk 1:05:50]} c6
{[%clk 0:58:48]} 17. Rfe1 {[%clk 1:04:32]} Re8 {[%clk 0:57:31]} 18. Nc4
{[%clk 0:59:38]} Nxc4 {[%clk 0:57:27]} 19. Qxc4 {[%clk 0:59:47]} Qb6
{[%clk 0:48:37]} 20. b4 {[%clk 0:53:43]} axb4 {[%clk 0:48:13]} 21. axb4
{[%clk 0:54:11]} Be6 {[%clk 0:47:45]} 22. Nxe6 {[%clk 0:49:47]} Rxe6
{[%clk 0:48:09]} 23. b5 {[%clk 0:49:32]} cxb5 {[%clk 0:42:57]} 24. Qc7
{[%clk 0:49:50]} Rae8 {[%clk 0:40:18]} 25. Bd5 {[%clk 0:40:50]} Qxc7
{[%clk 0:39:49]} 26. Rxc7 {[%clk 0:41:15]} R6e7 {[%clk 0:39:52]} 27. Rec1
{[%clk 0:38:54]} Bf8 {[%clk 0:38:54]} 28. Kf1 {[%clk 0:35:19]} b4
{[%clk 0:35:50]} 29. Bb3 {[%clk 0:22:21]} b5 {[%clk 0:34:50]} 30. Rxe7
{[%clk 0:19:14]} Rxe7 {[%clk 0:31:47]} 31. Rc6 {[%clk 0:19:24]} g5
{[%clk 0:29:33]} 32. Rb6 {[%clk 0:18:57]} Re5 {[%clk 0:24:04]} 33. Rb7
{[%clk 0:19:17]} Rf5 {[%clk 0:23:51]} 34. g4 {[%clk 0:16:28]} Rf4
{[%clk 0:23:18]} 35. h3 {[%clk 0:16:47]} Kg7 {[%clk 0:22:32]} 36. Rxb5
{[%clk 0:15:30]} Be7 {[%clk 0:22:17]} 37. Rb7 {[%clk 0:15:39]} Kf8
{[%clk 0:21:42]} 38. Kg2 {[%clk 0:14:42]} f5 {[%clk 0:20:28]} 39. e3
{[%clk 0:14:24]} 1-0

[Event "World Chess Olympiad 2018"]
[Site "Batumi"]
[Date "2018.09.30"]
[Round "6"]
[Board "2"]
[WhiteFideId "11309504"]
[White "Mushore Emarald Takudzwa"]
[BlackFideId "8500258"]
[Black "Adu Oladapo"]
[Result "1/2-1/2"]
[LiveChessVersion "1.4.8"]
[BlackElo "2299"]
[WhiteElo "2152"]

1. e4 {[%clk 1:30:54]} c5 {[%clk 1:30:48]} 2. Nf3 {[%clk 1:31:22]} d6
{[%clk 1:31:09]} 3. d4 {[%clk 1:31:43]} cxd4 {[%clk 1:31:32]} 4. Nxd4
{[%clk 1:32:09]} Nf6 {[%clk 1:31:52]} 5. Nc3 {[%clk 1:32:37]} a6 {[%clk 1:32:08]}
6. Be3 {[%clk 1:33:00]} Ng4 {[%clk 1:32:28]} 7. Bg5 {[%clk 1:33:23]} h6
{[%clk 1:32:48]} 8. Bh4 {[%clk 1:33:52]} g5 {[%clk 1:33:07]} 9. Bg3
{[%clk 1:34:19]} Bg7 {[%clk 1:33:30]} 10. h3 {[%clk 1:34:22]} Ne5
{[%clk 1:33:38]} 11. f3 {[%clk 1:34:20]} Nbc6 {[%clk 1:33:09]} 12. Bf2
{[%clk 1:34:32]} Nxd4 {[%clk 1:23:11]} 13. Bxd4 {[%clk 1:34:52]} Be6
{[%clk 1:23:39]} 14. Qd2 {[%clk 1:31:28]} Qa5 {[%clk 1:20:13]} 15. a3
{[%clk 1:20:45]} Rc8 {[%clk 1:19:57]} 16. O-O-O {[%clk 1:13:59]} Rg8
{[%clk 1:16:34]} 17. Kb1 {[%clk 1:13:01]} b5 {[%clk 0:59:15]} 18. Nd5
{[%clk 1:10:04]} Qxd2 {[%clk 0:59:26]} 19. Rxd2 {[%clk 1:10:24]} Bxd5
{[%clk 0:59:30]} 20. Bxe5 {[%clk 1:08:50]} Bxe5 {[%clk 0:59:21]} 21. Rxd5
{[%clk 1:09:14]} e6 {[%clk 0:58:51]} 22. Rd3 {[%clk 1:08:25]} Ke7
{[%clk 0:59:10]} 23. Be2 {[%clk 1:08:33]} Bg3 {[%clk 0:57:27]} 24. Rhd1
{[%clk 1:07:39]} Rc6 {[%clk 0:57:56]} 25. Rd4 {[%clk 1:05:57]} Rgc8
{[%clk 0:55:44]} 26. c3 {[%clk 1:06:15]} Bf2 {[%clk 0:53:27]} 27. R4d2
{[%clk 1:05:26]} Be3 {[%clk 0:53:13]} 28. Rd3 {[%clk 1:05:47]} Bf4
{[%clk 0:53:41]} 29. Rd4 {[%clk 1:05:39]} Rb6 {[%clk 0:54:01]} 30. Rb4
{[%clk 1:03:10]} Be3 {[%clk 0:54:04]} 31. a4 {[%clk 0:58:37]} Rcb8
{[%clk 0:51:22]} 32. axb5 {[%clk 0:57:59]} axb5 {[%clk 0:51:50]} 33. Kc2
{[%clk 0:57:53]} Bc5 {[%clk 0:52:01]} 34. Rb3 {[%clk 0:58:22]} h5
{[%clk 0:51:48]} 35. Rf1 {[%clk 0:54:53]} b4 {[%clk 0:40:26]} 36. f4
{[%clk 0:49:03]} bxc3 {[%clk 0:38:30]} 37. Rxb6 {[%clk 0:49:20]} Bxb6
{[%clk 0:38:04]} 38. bxc3 {[%clk 0:49:24]} Rg8 {[%clk 0:38:03]} 39. f5
{[%clk 0:49:05]} g4 {[%clk 0:34:02]} 40. hxg4 {[%clk 1:13:05]} hxg4
{[%clk 1:04:31]} 41. Rh1 {[%clk 1:08:10]} exf5 {[%clk 1:01:50]} 42. exf5
{[%clk 1:08:32]} Kf6 {[%clk 1:02:04]} 43. Bd3 {[%clk 1:04:13]} Be3
{[%clk 0:59:55]} 44. Be4 {[%clk 1:03:55]} Bf4 {[%clk 0:58:34]} 45. Kd3
{[%clk 1:03:53]} Rc8 {[%clk 0:58:02]} 46. Rh7 {[%clk 1:02:56]} 1/2-1/2